| 000 | 01228cam a2200301 4500 | ||
|---|---|---|---|
| 008 | 090401t1997 xxu||||| |||| 00| 0 eng d | ||
| 020 | _a0727725440 | ||
| 035 | _a(Sirsi) u56220 | ||
| 041 | _aeng | ||
| 050 | _a692.8 | ||
| 110 |
_aConstruction Industry Board _92991 |
||
| 245 | _aFramework for a national register for contractors : a report by Working Group 5 of the Construction Industry Board. | ||
| 260 |
_aLondon _bThomas Telford Publishing _c1997 |
||
| 300 | _a42p. : ill. ; 30cm. | ||
| 350 | _a0 | ||
| 490 |
_aWorking Group _v5 |
||
| 520 | _aCIB was set up under the chairmanship of Sir Michael Latham to implement the recommendations of the Latham Report Constructing the Team. This report recommends that the DoE`s Contractor Management Information System (CMIS) be developed as a national qualification system for an approved contractors list for public sector construction work in the UK. | ||
| 650 | _aCMIS | ||
| 650 | _aCONSTRUCTION INDUSTRY | ||
| 650 | _aCONSTRUCTION MANAGEMENT INFORMATION SYSTEM | ||
| 650 | _aNATIONAL REGISTER OF CONTRACTORS | ||
| 650 | _aPUBLIC SECTOR | ||
| 650 | _aWG5 | ||
| 650 | _aWORKING GROUP 5 | ||
| 690 | _aBUILT ENVIRONMENT | ||
| 942 | _n0 | ||
| 948 | _c04/03/1997 | ||
| 999 |
_c93745 _d93745 |
||